00287nam a2200121 a 450000500170000000800410001702000060005805000180006410000160008224500260009826000350012444000060015920140414131901.0100902s19uu xx 00 eng d a  aFICbB14 2001 aBaglio, Ben aDeer in the darkness. aNew York :bScholastic,c2001. a